| 000 | 00714nam a2200229Ia 4500 | ||
|---|---|---|---|
| 003 | OSt | ||
| 005 | 20230427105713.0 | ||
| 008 | 210423s2005 xx 000 0 und d | ||
| 020 | _a8176499587 | ||
| 040 | _cAL | ||
| 041 | _aeng | ||
| 082 |
_a423.1 ESPV _223 |
||
| 100 |
_aESPY (Willard R) _993804 |
||
| 245 | _aViva facts on file dictionary of writer's library words to rhyme with for poets and songwriters | ||
| 260 |
_aNew Delhi _bViva Books Pvt Ltd _c2005 |
||
| 300 |
_axi,676 _bPB |
||
| 365 |
_b225 _cINR |
||
| 650 |
_aEnglish Language _993805 |
||
| 650 |
_aLanguage _993806 |
||
| 906 | _adictionary ; facts ; file ; library ; poets ; rhyme ; s ; songwriters ; Viva ; words ; writer | ||
| 942 |
_2ddc _cBK |
||
| 999 |
_c161784 _d161784 |
||